| 000 | 01446cam a2200313 a 4500 | ||
|---|---|---|---|
| 001 | 14792872 | ||
| 003 | OSt | ||
| 005 | 20230915133226.0 | ||
| 008 | 070402s2008 ilu bc 000 0 eng | ||
| 010 | _a 2007013658 | ||
| 020 | _a9780736065085 (pbk.) | ||
| 020 | _a0736065083 (pbk.) | ||
| 040 |
_aDLC _cDLC _dDLC |
||
| 050 | 0 | 0 |
_aLB1044.Z9 _bO32 2008 |
| 082 | 0 | 0 |
_a371.33523 _bBAN/T |
| 100 | 1 |
_aO'Bannon, Teresa, _d1969- _99479 |
|
| 245 | 1 | 0 |
_aTeaching with movies : _brecreation, sports, tourism, and physical education / _cTeresa O'Bannon, Marni Goldenberg. |
| 260 |
_aChampaign, IL : _bHuman Kinetics, _cc2008. |
||
| 300 |
_axxxi, 143 p. ; _c23 cm. |
||
| 504 | _aIncludes bibliographical references (p. 141). | ||
| 505 | 0 | _aMovie finder -- Preface -- Acknowledgments -- Introduction: movies as teaching tools -- Movie guide -- Conclusion: That's a wrap! -- References -- About the authors. | |
| 650 | 0 |
_aMotion pictures in education _vCatalogs. |
|
| 650 | 0 | _aPhysical education and training. | |
| 700 | 1 |
_aGoldenberg, Marni, _d1972- |
|
| 856 | 4 | 1 |
_3Table of contents only _uhttp://www.loc.gov/catdir/toc/ecip0714/2007013658.html |
| 906 |
_a7 _bcbc _corignew _d1 _eecip _f20 _gy-gencatlg |
||
| 942 |
_2ddc _cBK _h371.33523 _iBAN/T _k371.33523 _mBAN/T |
||
| 999 |
_c42488 _d42488 |
||